000 00874nam a2200181Ia 4500
003 GCL
008 140319s9999 xx 000 0 ara d
040 _aGCL /
_cGCL
082 0 4 _aم
_b922.584
_bا ك
100 1 _aابن رجب : زين الدين ابو الفرج عبدالرحمن بن احمد بن رجب بن الحسن السلالى
245 1 0 _aكتاب الذيل على طبقات الحنابله /
_cابن رجب : زين الدين ابو الفرج عبدالرحمن بن احمد بن رجب بن الحسن السلالى
260 _a[S.N] :
_bدار المعرفة
490 _aشكاوى المصرى الفصيح
_v0
650 0 4 _aالتراجم
650 0 4 _aالفقه الاسلامى
650 0 4 _aابن حنبل: ابوعبدالله احمد بن محمد بن هلال بن اسد بن ادريس الشيبانى
942 _2ddc
_cREF
999 _c59334
_d59334